Law relating funds in India : (Record no. 125600)

MARC details
000 -LEADER
fixed length control field 00760nam a22002417a 4500
005 - DATE AND TIME OF LATEST TRANSACTION
control field 20170124105957.0
010 ## - LIBRARY OF CONGRESS CONTROL NUMBER
LC control number 734135
020 ## - INTERNATIONAL STANDARD BOOK NUMBER
Terms of availability 40.00
035 ## - SYSTEM CONTROL NUMBER
System control number 734135
037 ## - SOURCE OF ACQUISITION
Source of stock number/acquisition Cen Lib/Ret
040 ## - CATALOGING SOURCE
Original cataloging agency DPL
Language of cataloging EN
082 ## - DEWEY DECIMAL CLASSIFICATION NUMBER
Classification number 351.5026
Item number CHA
100 ## - MAIN ENTRY--PERSONAL NAME
Personal name Chakravarti, Suranjan
9 (RLIN) 14902
245 ## - TITLE STATEMENT
Title Law relating funds in India :
Statement of responsibility, etc by Saranjan Chakravarti [and] Shyama Charan
Remainder of title as amended upto act no. 40 of 1973 /
260 ## - PUBLICATION, DISTRIBUTION, ETC. (IMPRINT)
Place of publication, distribution, etc Allahabad
Name of publisher, distributor, etc Law Publishing House
Date of publication, distribution, etc 1974
270 ## - ADDRESS
City Allahabad
Address 39, Sheocharan Lal Road
300 ## - PHYSICAL DESCRIPTION
Extent 619p.
Dimensions 23cm(Hb)
500 ## - GENERAL NOTE
General note Includes index
650 ## - SUBJECT ADDED ENTRY--TOPICAL TERM
Topical term or geographic name as entry element Mine legislation
9 (RLIN) 14903
650 ## - SUBJECT ADDED ENTRY--TOPICAL TERM
Topical term or geographic name as entry element Providents funds
9 (RLIN) 14904
700 ## - ADDED ENTRY--PERSONAL NAME
Personal name Charan Shyama
9 (RLIN) 14905
942 ## - ADDED ENTRY ELEMENTS (KOHA)
Source of classification or shelving scheme Dewey Decimal Classification
Koha item type English Books
Classification part 351.026
Call number suffix CHA
Holdings
Withdrawn status Lost status Damaged status Not for loan Home library Current library Date acquired Source of acquisition Cost, normal purchase price Total Checkouts Full call number Barcode Date last seen Copy number Cost, replacement price Price effective from Koha item type
        Central Library Central Library 22/06/2015 Cen Lib/Ret 40.00   351.5026 CHA 734135 22/06/2015 1 40.00 22/06/2015 English Books

© Delhi Public Library
Hit Counter
free hit counter